Normal view
MARC view
Entry Topical Term
001 - CONTROL NUMBER
- control field: 39973
003 - CONTROL NUMBER IDENTIFIER
- control field: ARRUPE
005 - DATE AND TIME OF LATEST TRANSACTION
- control field: 20180301101038.0
008 - FIXED-LENGTH DATA ELEMENTS
- fixed length control field: 180301|| aca||aabn | a|a d
040 ## - CATALOGING SOURCE
- Original cataloging agency: ARRUPE
- Transcribing agency: ARRUPE
150 ## - HEADING--TOPICAL TERM
- Topical term or geographic name as entry element: Bantus
- General subdivision: Religion
670 ## - SOURCE DATA FOUND
- Source citation: Work cat.: (ARRUPE): Heusch, Luc De 38276, The drunken king or the origin of the state , 1982